000 00503nam a2200169 4500
001 122537
003 ES-MaACL
005 20230906192009.0
007 t|
008 070214s1968 sp r ||||1| spa d
100 1 _aPrittie, Terence.
_994002
245 1 0 _aIsrael, milagro en el desierto /
_cTerence Prittie ; traducción de P. Lobo.
260 _aBarcelona :
_bTaber,
_c1968.
300 _a343 p., 16 lám. ;
_c22 cm +
_e1 map.
700 1 _aLobo, P.
_973019
852 _aES-MaACL
_jC-34583
_bR.67349
999 _c122537
_d122537